Introduction to Management Science (Record no. 352033)
[ view plain ]
| 000 -LEADER | |
|---|---|
| fixed length control field | 00478nam a22001817a 4500 |
| 003 - CONTROL NUMBER IDENTIFIER | |
| control field | OSt |
| 005 - DATE AND TIME OF LATEST TRANSACTION | |
| control field | 20180116183105.0 |
| 008 - FIXED-LENGTH DATA ELEMENTS--GENERAL INFORMATION | |
| fixed length control field | 170731b xxu||||| |||| 00| 0 eng d |
| 020 ## - INTERNATIONAL STANDARD BOOK NUMBER | |
| International Standard Book Number | 9789332579422 |
| 040 ## - CATALOGING SOURCE | |
| Transcribing agency | 0 |
| 082 ## - DEWEY DECIMAL CLASSIFICATION NUMBER | |
| Classification number | 658.5 TAY 2017 |
| 100 ## - MAIN ENTRY--PERSONAL NAME | |
| Personal name | Bernard W. Taylor |
| 245 ## - TITLE STATEMENT | |
| Title | Introduction to Management Science |
| Statement of responsibility, etc. | Bernard W. Taylor |
| 260 ## - PUBLICATION, DISTRIBUTION, ETC. | |
| Place of publication, distribution, etc. | India |
| Name of publisher, distributor, etc. | Pearson |
| Date of publication, distribution, etc. | 2017 |
| 300 ## - PHYSICAL DESCRIPTION | |
| Extent | 858p. |
| Other physical details | pb |
| 440 ## - SERIES STATEMENT/ADDED ENTRY--TITLE | |
| Title | Introduction to Management Science |
| 942 ## - ADDED ENTRY ELEMENTS (KOHA) | |
| Source of classification or shelving scheme | |
| Koha item type | Book |
| Withdrawn status | Lost status | Source of classification or shelving scheme | Damaged status | Not for loan | Collection code | Permanent Location | Current Location | Shelving location | Date acquired | Total Checkouts | Total Renewals | Full call number | Barcode | Checked out | Date last seen | Date last checked out | Price effective from | Koha item type |
|---|---|---|---|---|---|---|---|---|---|---|---|---|---|---|---|---|---|---|
| Central Library (CL) | Central Library (CL) | General Stacks | 07/31/2017 | 14 | 4 | 658.5 TAY 2017 | NBS10291 | 02/21/2026 | 01/22/2026 | 01/22/2026 | 07/31/2017 | Book |
